Trattato generale di archeologia e storia dell'arte greca / (Record no. 71553)

MARC details
000 -LEADER
campo de control de longitud fija 00709nam a2200217 i 4500
001 - NÚMERO DE CONTROL
campo de control 71553
003 - IDENTIFICADOR DE NÚMERO DE CONTROL
campo de control ES-MaACL
005 - FECHA Y HORA DE LA ÚLTIMA TRANSACCIÓN
campo de control 20250812022435.0
007 - CAMPO FIJO DE DESCRIPCIÓN FÍSICA--INFORMACIÓN GENERAL
campo de control de longitud fija t|
008 - DATOS DE LONGITUD FIJA--INFORMACIÓN GENERAL
campo de control de longitud fija 040812s1905 it ||||1| ita d
100 1# - ENTRADA PRINCIPAL--NOMBRE DE PERSONA
Nombre de persona Gentile, Iginio.
9 (RLIN) 56358
245 10 - MENCIÓN DEL TÍTULO
Título Trattato generale di archeologia e storia dell'arte greca /
Mención de responsabilidad, etc. Iginio Gentile ; per cura de Serafino Ricci.
250 ## - MENCION DE EDICION
Mención de edición 2ª ed. interamente rifatta.
260 ## - PUBLICACIÓN, DISTRIBUCIÓN, ETC.
Lugar de publicación, distribución, etc. Milano :
Nombre del editor, distribuidor, etc. [Mariano Belliuzaghi],
Fecha de publicación, distribución, etc. 1905.
300 ## - DESCRIPCIÓN FÍSICA
Extensión 2 v. ;
Dimensiones 15 cm.
650 #7 - PUNTO DE ACCESO ADICIONAL DE MATERIA--TÉRMINO DE MATERIA
Término de materia o nombre geográfico como elemento de entrada Restos arqueológicos griegos
Fuente del encabezamiento o término embne
9 (RLIN) 173274
650 #7 - PUNTO DE ACCESO ADICIONAL DE MATERIA--TÉRMINO DE MATERIA
Término de materia o nombre geográfico como elemento de entrada Arte griego
Fuente del encabezamiento o término embne
9 (RLIN) 10221
700 1# - ENTRADA AGREGADA--NOMBRE PERSONAL
Nombre de persona Ricci, Serafino.
9 (RLIN) 96883
852 ## - LOCALIZACIÓN
Ubicación ES-MaACL
Número de control de estantería D-2984-85
Holdings
Estatus retirado Estado de pérdida Estado de daño No para préstamo Biblioteca de origen Biblioteca actual Ubicación en estantería Fecha de adquisición Fuente de adquisición Total de préstamos Signatura topográfica completa Código de barras Visto por última vez Precio de reemplazo Tipo de ítem Koha
        Biblioteca del Ateneo de Madrid Biblioteca del Ateneo de Madrid Sala Valle Inclán 17/01/2008     D-2984-85 901074910 23/02/2023 23/02/2023 Libro impreso